A grande corrida (Registo nº 6041)

Detalhes MARC
000 -Etiqueta do registo
Valores 00794cam a2200241 4500
100 ## - Dados gerais de processamento
Dados gerais 20211231d1988 c||y0pory5003 ba
200 1# - Titulo e menção de responsabilidade
Título próprio A grande corrida
Primeira menção de responsabilidade Greta Landen
Outras menções de responsabilidade il. Angela Mills
-- trad. Ricardo Alberty
-- concepção de Angela e Pat Mills
210 #9 - Publicação
Local de publicação [Lisboa]
Nome do editor Radiotelevisão Comercial
-- Publica,
Data de publicação imp. 1988
215 ## - Descrição física 
Paginação / Volumes [20] p.
Outras indicações físicas muito il.
Dimensões 19x20 cm
225 2# - Colecção 
Título próprio da colecção Os meninos borboletas
Indicação de volume 3
606 ## - Nome comum usado como assunto
ID Autoridade 14
Palavra de ordem Literatura infantil
606 ## - Nome comum usado como assunto
ID Autoridade 13
Palavra de ordem Literatura Estrangeira
675 ## - CDU
Notação 82-93
Edição BN
Língua por
675 ## - CDU
Notação 821.1/.8
Edição BN
Língua por
700 ## - Autor principal (pessoa individual)
Apelido Landen
Nome Greta
ID Autoridade 5733
702 ## - Autor secundário (pessoa individual)
Apelido Mils
Nome Angela
ID Autoridade 5734
702 ## - Autor secundário (pessoa individual)
Apelido Mills
Nome Pat
ID Autoridade 5735
702 ## - Autor secundário (pessoa individual)
Apelido Alberty
Nome Ricardo
Datas 1919-1992
ID Autoridade 1668
801 #0 - Fonte de origem
País PT
Agência BMVN
Regras de catalogação RPC
830 ## - Notas gerais do catalogador
Criado por Ana Caetano
Data de criação 31/12/2021
990 ## - Elementos KOHA
Tipo de documento Livro
Exemplares
Situação do levantamento Biblioteca de origem Código de barras Cota Permissão de empréstimo Tipo de documento Forma de aquisição
  Biblioteca Municipal de Vendas Novas 100000015130 LI EST/LAN   Livro  

Powered by Koha